|
|
|
|
| LEADER |
01724nam a2200493 a 4500 |
| 001 |
nkc20152658012 |
| 003 |
CZ PrNK |
| 005 |
20170525135917.0 |
| 007 |
ta |
| 008 |
150113s2014 xr e 000 1dcze |
| 015 |
|
|
|a cnb002658012
|
| 020 |
|
|
|a 978-80-905576-8-0
|q (brož.)
|
| 035 |
|
|
|a (OCoLC)908821051
|
| 040 |
|
|
|a OLA001
|b cze
|
| 043 |
|
|
|a e-xr---
|
| 045 |
|
|
|a y1y1
|
| 072 |
|
7 |
|a 37
|x Výchova a vzdělávání
|2 Konspekt
|9 22
|
| 080 |
|
|
|a 37.091.12-057.177.3-055.2
|2 MRF
|
| 080 |
|
|
|a 37.04
|2 MRF
|
| 080 |
|
|
|a 37.043.2
|2 MRF
|
| 080 |
|
|
|a (437.3)
|2 MRF
|
| 080 |
|
|
|a (047.53)
|2 MRF
|
| 100 |
1 |
|
|a Kendíková, Jitka
|7 ola2011627733
|4 aut
|
| 245 |
1 |
0 |
|a A proč ne? :
|b nebývale otevřený rozhovor ředitelky školy se svými studenty /
|c Jitka Kendíková, Jan Mazel, Adam Sládek
|
| 250 |
|
|
|a Vyd. 1.
|
| 260 |
|
|
|a V Praze :
|b Pasparta,
|c 2014
|
| 300 |
|
|
|a 120 s. ;
|c 21 cm
|
| 600 |
1 |
7 |
|a Kendíková, Jitka
|7 ola2011627733
|2 czenas
|
| 648 |
|
7 |
|a 21. století
|7 ch460559
|2 czenas
|
| 650 |
0 |
7 |
|a ředitelky škol
|7 ph867500
|z Česko
|y 21. století
|2 czenas
|
| 650 |
0 |
7 |
|a speciální vzdělávací potřeby
|7 ph754025
|2 czenas
|
| 650 |
0 |
7 |
|a integrovaná výchova a vzdělávání
|7 ph121132
|2 czenas
|
| 650 |
0 |
9 |
|a women school principals
|z Czechia
|y 21st century
|2 eczenas
|
| 650 |
0 |
9 |
|a special educational needs
|2 eczenas
|
| 650 |
0 |
9 |
|a integrated education
|2 eczenas
|
| 655 |
|
7 |
|a rozhovory
|7 fd133303
|2 czenas
|
| 655 |
|
9 |
|a interviews
|2 eczenas
|
| 700 |
1 |
|
|a Mazel, Jan
|4 aut
|
| 700 |
1 |
|
|a Sládek, Adam
|4 aut
|
| 910 |
2 |
|
|a BOA001
|b 2-1341.202
|
| 990 |
|
|
|a BK
|
| 995 |
|
|
|a 01
|
| 991 |
|
|
|b 201502
|c NOV
|e n
|
| 996 |
6 |
|
|b 2610620483
|c 2-1341.202
|l MZK
|r Sklad / do 1 hodiny
|n 2
|p p.v.
|w 001487466
|u 000010
|a 1
|e BOA001
|j MZK50
|s P
|